Florent Quellier, La table des Français. Une histoire culturelle (XVe - début XIXe siècle), Rennes, PUR, coll. « Histoire », 2007, 274 p. (notice n° 1651539)
[ vue normale ]
| 000 -LEADER | |
|---|---|
| fixed length control field | 01828cam a2200169 4500500 |
| 005 - DATE AND TIME OF LATEST TRANSACTION | |
| control field | 20260208005313.0 |
| 041 ## - LANGUAGE CODE | |
| Language code of text/sound track or separate title | fre |
| 042 ## - AUTHENTICATION CODE | |
| Authentication code | dc |
| 100 10 - MAIN ENTRY--PERSONAL NAME | |
| Personal name | Meyzie, Philippe |
| Relator term | author |
| 245 00 - TITLE STATEMENT | |
| Title | Florent Quellier, La table des Français. Une histoire culturelle (XVe - début XIXe siècle), Rennes, PUR, coll. « Histoire », 2007, 274 p. |
| 260 ## - PUBLICATION, DISTRIBUTION, ETC. | |
| Date of publication, distribution, etc. | 2009.<br/> |
| 500 ## - GENERAL NOTE | |
| General note | 98 |
| 520 ## - SUMMARY, ETC. | |
| Summary, etc. | RESUME L’ampleur de la catastrophe allemande de 1945 a conduit certains historiens à voir dans le nazisme un projet essentiellement destructeur et une idéologie foncièrement nihiliste. S’il est indéniable que, à partir de 1943 au moins, il y a tension vers la destruction et acquiescement de certains dirigeants nazis à l’effondrement, l’examen de la référence à l’Antiquité et de son usage dans la mise en scène de la fin du Reich permet de nuancer la lecture du nazisme comme pur et simple nihilisme : la tension vers la mort se révèle volonté de transfiguration et désir de consécration sous la forme d’un mythe appelé à fasciner et à mobiliser la postérité pour des combats renouvelés. |
| 520 ## - SUMMARY, ETC. | |
| Summary, etc. | ABSTRACT Is National-Socialism synonymous with nihilism ? The catastrophe of 1945 and the willingness of the regime leaders to sacrifice Germany and the German people led many historians to think so. The use of the reference to Antiquity in the setting of the catastrophe invites us to reconsider this question of nihilism : if there was undoubtedly some desire of death and self-annihilation, it was aimed at fascinating and mobilizing the generations to come for new wars in the struggle of races. |
| 786 0# - DATA SOURCE ENTRY | |
| Note | Revue historique | 647 | 3 | 2009-01-01 | p. 677k-742k | 0035-3264 |
| 856 41 - ELECTRONIC LOCATION AND ACCESS | |
| Uniform Resource Identifier | <a href="https://shs.cairn.info/revue-historique-2008-3-page-677k?lang=fr&redirect-ssocas=7080">https://shs.cairn.info/revue-historique-2008-3-page-677k?lang=fr&redirect-ssocas=7080</a> |
Pas d'exemplaire disponible.




Réseaux sociaux